| 000 | 01132naa a22002897a 4500 | ||
|---|---|---|---|
| 001 | BR8601696 | ||
| 003 | BR-BrBNA | ||
| 005 | 20240918175645.0 | ||
| 007 | ta | ||
| 008 | 230509b bl.||||| |||| 00| 0 por d | ||
| 040 |
_aBR-BrBNA _bpor _cBiblioteca Nacional de Agricultura |
||
| 041 | _a(Pt) | ||
| 072 | _aH10 | ||
| 090 | _aH10 BR8601696 | ||
| 100 | 1 | _aAndrade, C.F.S. de | |
| 111 | 1 |
_a2. Encontro Brasileiro de Agricultura Alternativa _cRio de Janeiro, RJ (Brazil) _d1985 |
|
| 245 | 1 | _aControle biologico de pragas na agricultura | |
| 246 | 1 | _a[Biological pest control in agriculture] | |
| 246 | 1 | _a[Annals of the 2. Brazilian Meeting of Alternative Agriculture] | |
| 260 | 3 |
_aRio de janeiro, RJ (Brasil): _c1985. |
|
| 500 | _aAnais do 2. Encontro Brasileiro de Agricultura Alternativa Rio de janeiro, RJ (Brasil): 1985. p. 137-139 (BR8601696-AM)H10 | ||
| 650 | _aPRAGA DE PLANTA | ||
| 650 | _aCONTROLE BIOLOGICO | ||
| 773 | 0 |
_tAnais do 2. Encontro Brasileiro de Agricultura Alternativa _wH10 BR8601696 _gRio de janeiro, RJ (Brasil), 1985. p. 137-139 |
|
| 909 |
_a202404 _bLucia _c55 _dLucia Elande |
||
| 942 |
_cAM _2AGRIS |
||
| 999 |
_c317633 _d317633 |
||